[Event "22nd Hogeschool Zeeland Tournament 2018"]
[Site "Vlissingen"]
[Date "2018.08.11"]
[Round "9.37"]
[White "Lopez-Rojas, Jeffrey"]
[Black "Oosting, Robert"]
[Result "1-0"]
[WhiteElo "2156"]
[BlackElo "1958"]
[PlyCount "109"]
[EventCountry "NED"]

1. d4 Nf6 2. c4 g6 3. g3 Bg7 4. Bg2 O-O 5. Nc3 d6 6. Nf3 c6 7. O-O Nbd7 8. e4
Qc7 9. h3 e5 10. Re1 Re8 11. Be3 Nf8 12. Rc1 Ne6 13. d5 Nf8 14. Qd2 c5 15. Re2
Qe7 16. Ne1 N6d7 17. Nb5 Nb8 18. Nd3 Na6 19. b4 b6 20. f4 f6 21. g4 Nc7 22. g5
Nxb5 23. gxf6 Bxf6 24. fxe5 Bxe5 25. Nxe5 Qxe5 26. cxb5 Qh5 27. Kh2 Nd7 28. Bf4
Ne5 29. Rc3 Bd7 30. a4 h6 31. bxc5 bxc5 32. Kg1 g5 33. Bg3 Re7 34. Rf2 Rf8 35.
Rxf8+ Kxf8 36. Qb2 Qg6 37. a5 g4 38. b6 axb6 39. axb6 Qe8 40. b7 Qb8 41. Bxe5
dxe5 42. Rb3 gxh3 43. Bf1 Rg7+ 44. Kh1 Ba4 45. Rb6 Bd1 46. Qf2+ Kg8 47. Ba6 Bg4
48. Rf6 Kh7 49. Rf8 Qa7 50. b8=Q Qxa6 51. Rh8+ Kg6 52. Qe8+ Kg5 53. Qxe5+ Kg6
54. Qff5+ Bxf5 55. Qxf5# 1-0

[Event "22nd Hogeschool Zeeland Tournament 2018"]
[Site "Vlissingen"]
[Date "2018.08.11"]
[Round "9.38"]
[White "De Kraker, Johnny"]
[Black "Mesman, Edwyn"]
[Result "0-1"]
[WhiteElo "1942"]
[BlackElo "2154"]
[PlyCount "56"]
[EventCountry "NED"]

1. e4 c5 2. Nc3 d6 3. f4 g6 4. Nf3 Nc6 5. Bb5 Bd7 6. O-O Bg7 7. d3 Nf6 8. Bxc6
Bxc6 9. Qe1 Qd7 10. a3 O-O 11. Qh4 Qg4 12. Qf2 b5 13. h3 Qd7 14. Qh4 e6 15. f5
exf5 16. Bh6 Nh5 17. Bxg7 Nxg7 18. Ng5 h5 19. Rae1 Rae8 20. Qg3 a5 21. Rf4 b4
22. axb4 axb4 23. Nd5 f6 24. Nf3 g5 25. Nxg5 fxg5 26. Rff1 Bxd5 27. exd5 Rxe1
28. Rxe1 Qd8 0-1

[Event "22nd Hogeschool Zeeland Tournament 2018"]
[Site "Vlissingen"]
[Date "2018.08.11"]
[Round "9.39"]
[White "Merbis, Max"]
[Black "Tibke, Jonas"]
[Result "1-0"]
[WhiteElo "2136"]
[BlackElo "1921"]
[PlyCount "65"]
[EventCountry "NED"]

1. d4 Nf6 2. c4 e5 3. dxe5 Ng4 4. e3 Nxe5 5. Nh3 Bb4+ 6. Bd2 Bxd2+ 7. Qxd2 d6
8. Nf4 Be6 9. b3 a5 10. Nc3 Na6 11. Be2 O-O 12. O-O Nc5 13. Rad1 Qh4 14. Ncd5
Bxd5 15. Nxd5 Rfc8 16. Qd4 Qd8 17. f4 Nc6 18. Qb2 Ne7 19. Nc3 Nf5 20. Nd5 c6
21. Bg4 Ne7 22. Nc3 f5 23. Bf3 Rc7 24. e4 fxe4 25. Bxe4 Nxe4 26. Nxe4 Rd7 27.
f5 d5 28. Qd4 Nc8 29. f6 Qb6 30. c5 Qb4 31. Qe5 Rf7 32. Qe8+ Rf8 33. f7+ 1-0

[Event "22nd Hogeschool Zeeland Tournament 2018"]
[Site "Vlissingen"]
[Date "2018.08.11"]
[Round "9.40"]
[White "Osinga, Angelique"]
[Black "Coenen, Eduard"]
[Result "0-1"]
[WhiteElo "1937"]
[BlackElo "2118"]
[PlyCount "86"]
[EventCountry "NED"]

1. e4 g6 2. d4 Bg7 3. Nf3 d6 4. Nc3 Nc6 5. Bc4 e5 6. dxe5 Nxe5 7. Nxe5 Bxe5 8.
O-O Be6 9. Bxe6 fxe6 10. Qd3 Qd7 11. f4 Bg7 12. Be3 Ne7 13. Rab1 a6 14. Ne2 c5
15. Rfd1 Rd8 16. b4 cxb4 17. Rxb4 d5 18. a4 Nc6 19. Rb6 O-O 20. Rdb1 Na5 21. e5
Nc4 22. Rxb7 Qxa4 23. Bc5 Rf7 24. R7b4 Qd7 25. g3 a5 26. Rb5 Rc8 27. Nd4 Qe8
28. Kg2 g5 29. Ne2 Rfc7 30. Bd4 gxf4 31. gxf4 Bf8 32. Rb7 Na3 33. Rxc7 Rxc7 34.
Rb2 Nc4 35. Rb1 a4 36. Ng3 a3 37. Qe2 Qg6 38. h4 Rg7 39. Bf2 h6 40. Qd3 Qg4 41.
Rh1 Qxf4 42. Qd4 Rxg3+ 43. Kf1 Ne3+ 0-1

[Event "22nd Hogeschool Zeeland Tournament 2018"]
[Site "Vlissingen"]
[Date "2018.08.11"]
[Round "9.41"]
[White "Brands, Kevin"]
[Black "Oosterom, Erik"]
[Result "1/2-1/2"]
[WhiteElo "1778"]
[BlackElo "2113"]
[PlyCount "114"]
[EventCountry "NED"]

1. e4 c6 2. d4 d5 3. Nd2 dxe4 4. Nxe4 Bf5 5. Ng3 Bg6 6. h4 h6 7. Nf3 e6 8. h5
Bh7 9. Bd3 Bxd3 10. Qxd3 Nf6 11. Bd2 Be7 12. Ne4 Nbd7 13. O-O-O O-O 14. Nxf6+
Nxf6 15. Ne5 Qd5 16. Kb1 Qe4 17. Qxe4 Nxe4 18. Be3 Rad8 19. g4 Bf6 20. f4 Rd6
21. Rhe1 Rfd8 22. Bg1 Nc5 23. Rc1 Na4 24. b3 Nc3+ 25. Kb2 Nd5 26. Nc4 R6d7 27.
Ne5 Bxe5 28. fxe5 b5 29. c3 a5 30. Be3 b4 31. cxb4 Nxe3 32. Rxe3 axb4 33. Rxc6
Rxd4 34. Rc4 Rd2+ 35. Rc2 R8d4 36. Rg3 Rxc2+ 37. Kxc2 Rf4 38. Kd3 Rf2 39. Kc4
Rf4+ 40. Kd3 Kf8 41. Ke3 Rf1 42. Kd3 Ke7 43. Re3 Rf2 44. Re4 Rxa2 45. Rxb4 Ra7
46. Ke4 f6 47. Rb5 Rd7 48. b4 Rc7 49. Kd3 fxe5 50. Rxe5 Kd6 51. Re4 e5 52. Rc4
Rf7 53. b5 Rf3+ 54. Ke4 Rf4+ 55. Kd3 Rf3+ 56. Ke4 Rf4+ 57. Kd3 Rf3+ 1/2-1/2

[Event "22nd Hogeschool Zeeland Tournament 2018"]
[Site "Vlissingen"]
[Date "2018.08.11"]
[Round "9.42"]
[White "Gutkind, Kedem"]
[Black "Reichardt, Robin"]
[Result "1/2-1/2"]
[WhiteElo "2099"]
[BlackElo "1942"]
[PlyCount "77"]
[EventCountry "NED"]

1. e4 e5 2. Nf3 Nc6 3. Bb5 a6 4. Ba4 Nf6 5. O-O Be7 6. d3 b5 7. Bb3 O-O 8. Nc3
d6 9. a3 Bg4 10. Be3 Nd4 11. Bxd4 exd4 12. Nd5 c5 13. h3 Be6 14. Nxf6+ Bxf6 15.
Bxe6 fxe6 16. a4 Qd7 17. b3 e5 18. Qe2 d5 19. exd5 Qxd5 20. Nd2 Rfe8 21. axb5
axb5 22. Qe4 Qxe4 23. Nxe4 Be7 24. g3 g5 25. Nd2 Kf7 26. Rfe1 Bf6 27. Ne4 Be7
28. Nd2 Bf6 29. Kg2 Ke6 30. Ne4 Be7 31. f4 gxf4 32. gxf4 Rg8+ 33. Kf3 Rxa1 34.
Rxa1 Rf8 35. Ra6+ Kd7 36. Ra7+ Ke6 37. Ra6+ Kd7 38. Ra7+ Ke6 39. Ra6+ 1/2-1/2

[Event "22nd Hogeschool Zeeland Tournament 2018"]
[Site "Vlissingen"]
[Date "2018.08.11"]
[Round "9.43"]
[White "Rosmuller, Anton"]
[Black "Welten, Hans"]
[Result "1-0"]
[WhiteElo "2069"]
[BlackElo "1911"]
[PlyCount "69"]
[EventCountry "NED"]

1. d4 Nf6 2. Nf3 e6 3. g3 b6 4. Bg2 Bb7 5. O-O Be7 6. b3 O-O 7. Bb2 c5 8. e3 d5
9. Ne5 Nbd7 10. Nd3 Qc7 11. Re1 Rac8 12. c3 Rfd8 13. Nd2 Qb8 14. f4 Ne4 15.
Nxe4 dxe4 16. Nf2 f5 17. Qe2 Nf6 18. c4 Rc7 19. Red1 Qc8 20. g4 Nd7 21. Kh1 Nf8
22. gxf5 exf5 23. d5 Rcd7 24. Bh3 Rd6 25. Rg1 Rg6 26. Nxe4 Re8 27. Ng3 Rxg3 28.
Rxg3 Ng6 29. Qh5 Rf8 30. Rag1 Qe6 31. Bg2 Qf7 32. Bf3 Bf6 33. Rh3 h6 34. Bxf6
Qxf6 35. Qxg6 1-0

[Event "22nd Hogeschool Zeeland Tournament 2018"]
[Site "Vlissingen"]
[Date "2018.08.11"]
[Round "9.44"]
[White "Van Liempt, Michael"]
[Black "Anusha N L V"]
[Result "0-1"]
[WhiteElo "2068"]
[BlackElo "1898"]
[PlyCount "82"]
[EventCountry "NED"]

1. e4 c6 2. d4 d5 3. exd5 cxd5 4. Bd3 Nc6 5. c3 Qc7 6. Nf3 Bg4 7. Nbd2 e6 8. h3
Bh5 9. O-O Bd6 10. Re1 Nf6 11. a3 Bg6 12. Nf1 Bxd3 13. Qxd3 O-O 14. Be3 Na5 15.
Ne5 Bxe5 16. dxe5 Nd7 17. Bd4 Nc4 18. Qe2 Nc5 19. Rad1 Nb3 20. Ng3 Nxd4 21.
Rxd4 f5 22. exf6 Rxf6 23. Nh5 Rh6 24. Nf4 Qf7 25. Nd3 Rf6 26. Rg4 Rf8 27. f4
Nd6 28. Qf2 b6 29. Re5 Ne4 30. Qh4 Rf5 31. Kh2 h5 32. Rg3 Nxg3 33. Qxg3 Rxe5
34. fxe5 Qf5 35. Qe3 Qe4 36. Qd2 d4 37. cxd4 Qxd4 38. Qe2 a5 39. Ne1 Rf2 40.
Qxh5 Qf4+ 41. Kg1 Rf1# 0-1

[Event "22nd Hogeschool Zeeland Tournament 2018"]
[Site "Vlissingen"]
[Date "2018.08.11"]
[Round "9.45"]
[White "Hoeneveld, Maarten"]
[Black "Reichardt, Monica"]
[Result "1-0"]
[WhiteElo "2066"]
[BlackElo "1734"]
[PlyCount "65"]
[EventCountry "NED"]

1. e4 e6 2. d4 d5 3. exd5 exd5 4. c4 Nf6 5. Bg5 Be7 6. Nc3 c6 7. Qb3 Nbd7 8. c5
O-O 9. Nf3 b6 10. cxb6 axb6 11. Be2 Bb7 12. O-O Rc8 13. Rfe1 Re8 14. Rac1 Nh5
15. Be3 Bd6 16. Ne5 Nhf6 17. Nxd7 Nxd7 18. Bg4 Rb8 19. Bf5 h6 20. Ne2 Nf6 21.
Ng3 Qc7 22. Bd2 Rbd8 23. Qf3 Qb8 24. Bd3 Bc8 25. Rxe8+ Rxe8 26. a3 Be7 27. Rxc6
Bd7 28. Rc1 Be6 29. Nf5 Qb7 30. Nxg7 Rd8 31. Nxe6 fxe6 32. Qg3+ Kf7 33. Qg6+
1-0

[Event "22nd Hogeschool Zeeland Tournament 2018"]
[Site "Vlissingen"]
[Date "2018.08.11"]
[Round "9.46"]
[White "Gosman, Theo"]
[Black "Boerkamp, Harry"]
[Result "1-0"]
[WhiteElo "2030"]
[BlackElo "1887"]
[PlyCount "57"]
[EventCountry "NED"]

1. e4 e5 2. Nf3 Nc6 3. Bc4 Nf6 4. d3 Bc5 5. Nc3 d6 6. a4 a5 7. Bg5 h6 8. Be3
Bxe3 9. fxe3 Bg4 10. Qd2 Qd7 11. O-O-O Bxf3 12. gxf3 Ne7 13. d4 exd4 14. exd4
O-O 15. Rhg1 Kh7 16. Bd3 g6 17. f4 d5 18. e5 Nfg8 19. h4 c6 20. h5 Nf5 21. Rde1
Rae8 22. Ne2 Nge7 23. Ng3 Nxg3 24. e6 fxe6 25. Rxg3 Nf5 26. Rxg6 Rg8 27. Qe2
Rxg6 28. Bxf5 exf5 29. hxg6+ 1-0

[Event "22nd Hogeschool Zeeland Tournament 2018"]
[Site "Vlissingen"]
[Date "2018.08.11"]
[Round "9.47"]
[White "Van de Poel, Taco"]
[Black "Hng, Mei-En Emmanuelle"]
[Result "0-1"]
[WhiteElo "1909"]
[BlackElo "2024"]
[PlyCount "44"]
[EventCountry "NED"]

1. e4 c5 2. Nf3 e6 3. d4 cxd4 4. Nxd4 a6 5. c4 Nf6 6. Nc3 Bb4 7. e5 Qa5 8. exf6
Bxc3+ 9. bxc3 Qxc3+ 10. Qd2 Qxa1 11. fxg7 Rg8 12. Be2 Nc6 13. Nxc6 dxc6 14. O-O
Qxg7 15. Bf3 e5 16. Rd1 Qf6 17. Ba3 Bf5 18. Qb4 Rd8 19. Rxd8+ Qxd8 20. Qxb7 Be4
21. Bh5 Rxg2+ 22. Kf1 Qd3+ 0-1

[Event "22nd Hogeschool Zeeland Tournament 2018"]
[Site "Vlissingen"]
[Date "2018.08.11"]
[Round "9.48"]
[White "Unander, Matts"]
[Black "Maes, Djad"]
[Result "0-1"]
[WhiteElo "2010"]
[BlackElo "1630"]
[PlyCount "54"]
[EventCountry "NED"]

1. d4 Nf6 2. Nf3 g6 3. g3 Bg7 4. Bg2 O-O 5. O-O d5 6. c4 c6 7. Nc3 e6 8. Bf4
dxc4 9. Ne5 Nd5 10. Bc1 c5 11. Nxc4 cxd4 12. Nxd5 exd5 13. Na3 Re8 14. Qb3 Nc6
15. Bxd5 Be6 16. Bxe6 Rxe6 17. Qf3 Ne5 18. Qxb7 Rb8 19. Qxa7 d3 20. exd3 Nf3+
21. Kh1 Bd4 22. Qa4 Qd5 23. Qd1 Qh5 24. Kg2 Rf6 25. h3 Nh4+ 26. gxh4 Rxf2+ 27.
Kg3 Qe5+ 0-1

[Event "22nd Hogeschool Zeeland Tournament 2018"]
[Site "Vlissingen"]
[Date "2018.08.11"]
[Round "9.49"]
[White "Haak, Eelco"]
[Black "Brandsma, Romayn"]
[Result "1/2-1/2"]
[WhiteElo "1999"]
[BlackElo "1706"]
[PlyCount "20"]
[EventCountry "NED"]

1. d4 Nf6 2. Nf3 b6 3. g3 e6 4. Bg2 d5 5. O-O Bb7 6. b3 Be7 7. Bb2 O-O 8. c4
Nbd7 9. Nc3 Rc8 10. cxd5 exd5 1/2-1/2

[Event "22nd Hogeschool Zeeland Tournament 2018"]
[Site "Vlissingen"]
[Date "2018.08.11"]
[Round "9.51"]
[White "Van Driel, Eric"]
[Black "Bakels, Anton"]
[Result "1/2-1/2"]
[WhiteElo "1864"]
[BlackElo "2009"]
[PlyCount "57"]
[EventCountry "NED"]

1. d4 Nf6 2. Bf4 g6 3. e3 d5 4. h4 Bg7 5. Be2 h5 6. Nf3 c5 7. Nc3 Ne4 8. Nb5
Na6 9. c3 Qb6 10. a4 c4 11. Ne5 Bf5 12. f3 Nd6 13. e4 f6 14. Nxd6+ exd6 15.
Nxc4 dxc4 16. exf5 Qxb2 17. Qc1 Qxc1+ 18. Rxc1 d5 19. Rb1 O-O-O 20. Kf2 Bh6 21.
Bxh6 Rxh6 22. fxg6 Rxg6 23. f4 Rdg8 24. Bf3 Nc7 25. Rhe1 R8g7 26. Re2 b6 27.
Rbe1 Kd7 28. Kf1 Rh6 29. Kf2 1/2-1/2